Catálogo del banco de germoplasma de Quinua -Chenopodium quinoa Willd-

Saved in:
Bibliografiske detaljer
Main Authors: Gómez Pando, Luz Rayda (Author), Eguiluz de la Barra, Ana Luzmeira (Author)
Format: Bog
Sprog:spansk
Udgivet: Lima Universidad Nacional Agraria La Molina 2012
Udgivelse:2a. ed
Fag:
Tags: Tilføj Tag
Ingen Tags, Vær først til at tagge denne postø!

MARC

LEADER 00000cam a2200000 a 4500
001 UCD5259
003 CL-VaPUC
008 160819e20120000pe |||||||||||||||||spa|d
020 |a 9789972945694 
082 0 4 |a 635.659  |b GOM  |2 21 
100 |a Gómez Pando, Luz Rayda  |e author  |9 594587 
700 0 |a Eguiluz de la Barra, Ana Luzmeira  |e author  |9 589009 
245 1 0 |a Catálogo del banco de germoplasma de Quinua -Chenopodium quinoa Willd- 
250 |a 2a. ed 
300 |a 183 p 
942 |c BK 
945 |d 20160819 12:52:00  |a dcastane 
260 |a Lima  |b Universidad Nacional Agraria La Molina  |c 2012 
650 0 |a Quinoa  |9 535251 
650 7 |a CULTIVOS DE GRANO  |2 CL-VaPUC  |9 439482 
650 7 |a SEUDOCEREALES  |2 CL-VaPUC  |9 589010 
583 |a last modification  |c 20160819 12:52:00  |k Rodrigo Vera 
999 |c 365985  |d 365983 
952 |0 0  |1 0  |3 erb  |4 0  |6 635_659000000000000_GOM_2012  |7 0  |8 A  |9 479983  |a BIBAGR  |b BIBAGR  |i 5339022  |o 635.659 GOM 2012  |p 5339022  |r 2025-01-20  |w 2019-11-24  |y BK  |z Catalogado en:20160819  |k AGR